000 00708nam a2200193Ii 4500
003 JO-AjNU
008 230605s9999||||xx |||||||||||||| ||und||
040 _aJO-AjNU
_bara
_erda
_cJO-AjNU
041 _aara
050 1 4 _aGC11.2.J3 1994
100 3 _a جودة، حسنين جودة,
_eauthor
_938263
245 0 0 _aجغرافية البحار والمحيطات الطبيعية والحيوية
264 3 1 _aالاسكندرية: دار المعرفة الجامعية، 1994
300 _a413ص
_bصور توضبحية
336 _atext
_btxt
_2rdacontent
337 _aunmediated
_bn
_2rdamedia
338 _avolume
_bnc
_2rdacarrier
650 4 _aالبحار والمحيطات- جغرافية
_938264
999 _aA16061
_c19629
_d19629